Từ điển bách khoa sinh học

Shranjeno v:
Bibliografske podrobnosti
Format: Knjiga
Jezik:Undetermined
Izdano: Hà Nội Khoa học kỹ thuật 2003
Teme:
Oznake: Označite
Brez oznak, prvi označite!
Thư viện lưu trữ: Trung tâm Học liệu Trường Đại học Cần Thơ
LEADER 00553nam a2200193Ia 4500
001 CTU_62634
008 210402s9999 xx 000 0 und d
020 |b 480000 
082 |a 570.3 
082 |b T550 
245 0 |a Từ điển bách khoa sinh học 
245 0 |c Trần Bá Cừ (biên soạn) ... [et al.] 
260 |a Hà Nội 
260 |b Khoa học kỹ thuật 
260 |c 2003 
650 |a Biology 
650 |x Encyclopedias 
904 |i Minh,Qhieu sửa 
980 |a Trung tâm Học liệu Trường Đại học Cần Thơ